Départements clashés par ChatGPT - Statistiques

Statistiques générales
  • Ce quiz a été pris 498 fois
  • Le résultat moyen est 9 sur 10
Statistiques - réponses
Description "gentille" Département % Correct
Là où on te parle de raclette comme si c'était un héritage familial sacré. Entre les montagnes et le fromage, ils sont coincés dans un hiver perpétuel, et leur idée de "sport" consiste surtout à soulever des pommes de terre et de la charcuterie. Là-bas, même les vaches te regardent de haut, surtout quand tu galères sur les pistes. Savoie/Haute-Savoie
95%
Là où même le soleil a oublié de passer commande. Les habitants sont tellement habitués à la pluie qu’ils ont probablement des écailles sous leurs pulls marins. Ici, la définition d'une journée d'été, c’est "moins de trois averses". Et franchement, si t’es pas fan de crêpes et de cirés, tu risques de te sentir un peu… mouillé. Finistère
93%
Là où l'amour pour l'île est si intense qu'ils défendent chaque caillou comme si c'était un trésor national. Ils ont des plages paradisiaques, mais attention, gare à toi si tu oses poser ta serviette au mauvais endroit. Haute-Corse/Corse-du-Sud
92%
Là où le plat national est la frite, et l'accompagnement, c'est la grisaille. Ils te diront qu'ils ont "le cœur chaud", mais vu le climat, c’est surtout pour survivre. Et entre la pluie et les baraques à frites, même le soleil hésite à passer la frontière. Nord
92%
La ville où tout le monde marche comme s'il avait un casting à passer, mais pour qui même un sourire coûte trop cher. Ils te parlent de "l'art de vivre" en payant 8€ leur café et en s’entassant dans des appartements plus petits qu’un placard. Et si tu demandes ton chemin, prépare-toi à un soupir, un regard de mépris, et peut-être un doigt pointé… dans la mauvaise direction. Paris
92%
Là où la fierté est plus épaisse que la choucroute. Ils sont tellement attachés à leurs traditions que même leurs bretzels ont une attitude. Et quand ils parlent, t’as l’impression que même leurs phrases sont construites en colombages ! Bas-Rhin/Haut-Rhin
91%
Là où klaxonner est un langage et où chaque embouteillage est un évènement social. Ils parlent tellement fort que même le mistral n'arrive pas à couvrir leurs conversations. Et entre le pastis et les parties de pétanque, on se demande s'ils savent que le reste de la France bosse encore. Bouches-du-Rhône
91%
Là où on parle de vin comme si c’était une religion et où chaque habitant se prend pour un sommelier diplômé. Et entre les bouchons de leur préfecture et ceux de leurs précieuses bouteilles, là-bas, être coincé fait partie du quotidien. Gironde
84%
Un endroit où ils se battent pour savoir s'ils sont catalans ou français, mais en vrai, tout le monde s'en fiche tant qu'il y a du soleil et du rosé. Ils ont la mer et la montagne mais réussissent quand même à être plus paumés que ton GPS en mode hors-ligne. Pyrénées-Orientales
82%
Là où il y a tellement de canards que tu te demandes si t'es pas sur le tournage de 𝐷𝑢𝑐𝑘 𝐷𝑦𝑛𝑎𝑠𝑡𝑦. Leur plat national, c'est le gras, et leur principal export, c'est l'ennui. Si tu cherches une vie nocturne, bonne chance, même les lampadaires se couchent avant toi. Gers
58%
Aucun quiz correspondant
Distribution des résultats
% des personnes avec chaque résultat
Percentile par nombre de réponses
Votre historique - résultats
Vous n’avez pas pris ce quiz